Devinez le Département Mystère #41 - Statistiques

Statistiques générales
  • Ce quiz a été pris 152 fois
  • Le résultat moyen est 24 sur 40
Statistiques - réponses
Type de Réponse Réponse % Correct
Lettre de l'Alphabet R
100%
Lettre Trouvée A
99%
Lettre Trouvée E
99%
Lettre Trouvée I
98%
Lettre de l'Alphabet O
98%
Lettre Trouvée L
97%
Lettre Trouvée N
97%
Lettre Trouvée T
97%
Lettre de l'Alphabet S
96%
Lettre de l'Alphabet H
88%
Lettre de l'Alphabet U
88%
Lettre de l'Alphabet D
86%
Lettre de l'Alphabet C
84%
Lettre de l'Alphabet M
84%
Lettre Trouvée V
74%
Lettre de l'Alphabet G
68%
Lettre de l'Alphabet P
65%
Lettre de l'Alphabet B
61%
Lettre de l'Alphabet Y
58%
Lettre Bien Placée E
51%
Lettre Bien Placée E
51%
Lettre Bien Placée N
51%
Lettre Bien Placée T
51%
Lettre de l'Alphabet F
49%
Lettre de l'Alphabet J
44%
Lettre de l'Alphabet Q
41%
Lettre de l'Alphabet Z
40%
Lettre de l'Alphabet X
36%
Lettre Bien Placée A
31%
Lettre Bien Placée E
31%
Lettre Bien Placée I
31%
Lettre Bien Placée I
31%
Lettre Bien Placée I
31%
Département Mystère Ille-et-Vilaine
31%
Lettre de l'Alphabet K
31%
Lettre Bien Placée L
31%
Lettre Bien Placée L
31%
Lettre Bien Placée L
31%
Lettre Bien Placée V
31%
Lettre de l'Alphabet W
31%
Aucun quiz correspondant
Distribution des résultats
% des personnes avec chaque résultat
Percentile par nombre de réponses
Votre historique - résultats
Vous n’avez pas pris ce quiz